The Latino Americans collection : War and Peace.

Latino Americans is the first major documentary series for television to chronicle the rich and varied history and experiences of Latinos, who have for the past 500-plus years helped shape what is today the United States and have become, with more than 50 million people, the largest minority group i...

Full description

Bibliographic Details
Corporate Author: Kanopy (Firm)
Other Authors: Belton, David (Contributor), Fritz, Sonia (Contributor)
Format: Video
Language:English
Published: [San Francisco, California, USA] : Kanopy Streaming, 2014.
Subjects:
Online Access:Connect to this streaming video

MARC

Tag First Indicator Second Indicator Subfields
LEADER 00000cgm a22000001i 4500
001 in00003587113
006 m o c
007 vz uzazuu
007 cr una---unuuu
008 140813p20142013cau060 o vleng d
005 20260324164628.5
028 5 2 |a 1123010  |b Kanopy 
035 |a (OCoLC)900275947 
035 |a (CaSfKAN)kan1123010 
040 |a UtOrBLW  |b eng  |e rda  |c UtOrBLW  |d UtOrBLW 
043 |a n-us--- 
245 0 4 |a The Latino Americans collection :  |b War and Peace. 
264 1 |a [San Francisco, California, USA] :  |b Kanopy Streaming,  |c 2014. 
300 |a 1 online resource (1 video file, approximately 60 min.) :  |b digital, .flv file, sound 
336 |a two-dimensional moving image  |b tdi  |2 rdacontent 
337 |a computer  |b c  |2 rdamedia 
338 |a online resource  |b cr  |2 rdacarrier 
344 |a digital 
347 |a video file  |b MPEG-4  |b Flash 
500 |a Title from title frames. 
518 |a Originally produced by PBS in 2013. 
520 |a Latino Americans is the first major documentary series for television to chronicle the rich and varied history and experiences of Latinos, who have for the past 500-plus years helped shape what is today the United States and have become, with more than 50 million people, the largest minority group in the U.S. The series chronicles Latinos in the United States from the 1500's to present day. It is a story of people, politics, and culture, intersecting with much that is central to the history of the United States while also going to places where standard U.S. histories do not tend to tread. Latino Americans relies on historical accounts and personal experiences to vividly tell the stories of early settlement, conquest and immigration; of tradition and reinvention; and of anguish and celebration, from the millions of people who come to the U.S. from Mexico, Spain, Puerto Rico, and countries in Central and South America. Latino Americans is driven by the human dramas of individuals' struggles and triumphs, successes and disappointments, featuring interviews with close to 100 Latinos from the worlds of politics, business, military, academia, literature, and pop culture, as well as deeply personal portraits of Latinos who lived through key chapters in American history. Latino Americans is the story of the gradual construction of a new American identity that connects and empowers millions of people today. In this episode: Moves into the World War II years and those that follow, as Latino Americans serve their new country by the hundreds of thousands — but still face discrimination and a fight for civil rights back in the United States.  |b System requirements: Adobe Flash Player. 
538 |a Mode of access: World Wide Web. 
650 0 |a Hispanic Americans  |x History. 
650 0 |a Documentary films.  |0 http://id.loc.gov/authorities/subjects/sh85088115 
655 7 |a Internet videos.  |2 lcgft  |0 http://id.loc.gov/authorities/genreForms/gf2011026337 
655 7 |a Nonfiction films.  |2 lcgft  |0 http://id.loc.gov/authorities/genreForms/gf2011026423 
655 7 |a Documentary films.  |2 lcgft  |0 http://id.loc.gov/authorities/genreForms/gf2011026205 
700 1 |a Belton, David,  |e contributor.  |0 http://id.loc.gov/authorities/names/no2003071359 
700 1 |a Fritz, Sonia,  |e contributor.  |0 http://id.loc.gov/authorities/names/no2002036014 
710 2 |a Kanopy (Firm)  |0 http://id.loc.gov/authorities/names/no2014091415 
856 4 0 |u http://proxy.library.tamu.edu/login?url=https://texasam.kanopystreaming.com/node/123011  |z Connect to this streaming video  |t 0 
999 f f |s ea479a54-91b3-385c-b4e8-dd9ecab15bf7  |i 5f00f992-4fa3-3b1d-9939-5ed6b974e62b  |t 0 
952 f f |a Texas A&M University  |b College Station  |c Electronic Resources  |s www_evans  |d Available Online  |t 0  |h No information provided 
998 f f |t 0  |l Available Online